Documentos de congresos

محفوظ في:
التفاصيل البيبلوغرافية
مؤلف مشترك: Federación Unitaria Sindical de El Salvador
التنسيق: نص
اللغة:Spanish
منشور في: s.l.e :
الوسوم: إضافة وسم
لا توجد وسوم, كن أول من يضع وسما على هذه التسجيلة!

MARC

LEADER 00000 a a2200000 04500
001 16601
003 cru CIDCACS/IIS
005 20231207092856.0
008 231206b |||||||| |||| 00| 0 spa d
040 |c cru CIDCACS/IIS 
090 |a 13.06.01 C744c 
110 |a Federación Unitaria Sindical de El Salvador  
245 |a Documentos de congresos  
260 |a s.l.e :  
300 |a p. varia  
942 |2 z  |c LITG  |h 13.06.01 C744c  |i 09109  |6 130601_C744C_09109 
999 |c 13756  |d 13756